000 00802nam a22002057a 4500
999 _c371331
_d371331
008 201127b ||||| |||| 00| 0 eng d
040 _aDE-2950
_bger
_cDE-2950
_erda
041 _ager
245 _aNicht nur auf Deutsch und Englisch setzen.
_bVerständigung: Der japanische Sprachwissenschaftler Goro Christoph Kimura erforschte, wie Menschen in der Grenzregion Sprachbarrieren überwinden /
_cNancy Waldmann
264 _c2022
653 _aFrankfurt (Oder)
653 _aSlubice <Polen>
653 _aKommunikation
653 _aZweisprachigkeit
773 _dFrankfurt (Oder) Märkisches Verlags- und Druckhaus GmbH & Co KG
_tMärkische Oderzeitung
_g33. Jahrgang (2022) Nr. 6 vom 08./09.01.2022, S. 17
942 _cA